000 01468nam a2200361 i 4500
001 197655
003 ES-MaACL
005 20250805062655.0
007 ta
008 991222s1999 sp w 00000 spa
017 _aGI 399-1999
_bOficina Depósito Legal Girona
020 _a8489711313
035 _aRebiun16404305
040 _aUAM.FL
_bspa
_cES-MaACL
100 1 _aRusiñol, Santiago,
_d1861-1931
_9241043
_eill
245 1 0 _aLos jardines del alma :
_bexposición del 16 de julio al 22 de agosto de 1999 /
_cSantiago Rusiñol
260 _a[S.l.] :
_bCaja Segovia,
_c1999
300 _a198 páginas :
_bilustraciones a color y blanco y negro ;
_c30 cm
336 _2rdacontent
_atexto
337 _2rdamedia
_asin mediación
338 _2rdacarrier
_avolumen
504 _aBibliografía: páginas 195-198
600 0 _aRusiñol, Santiago,
_d1861-1931-
_xExposiciones
_9241044
650 0 _aPintores catalanes-
_ys.XIX-XX
_9241045
650 0 _aPintores barceloneses-
_ys.XIX-XX
_9241046
710 2 1 _aCaja de Ahorros y Monte de Piedad de Segovia
_92324
852 _aES-MaACL
_cDEPO1
_jA-15732
_hDonación: Fernando Codina Rodríguez
_xEncuadernación rústica con solapas
_9206090
903 _aCodina Rodríguez, Fernando
_ednr
_9238631
942 _n0
_cMONOGRAFIA
999 _c197655
_d197655